000 00481nam a2200181Ia 4500
003 GCL
008 140319s9999 xx 000 0 eng d
040 _aGCL /
_cGCL
082 0 4 _a720.852
_bK N
100 1 _aKURAKAUA, KISHO
245 1 0 _aNEW WAVE JAPANESE ARCHITECTURE /
_cKURAKAUA, KISHO
260 _a[S.N] :
_bACADEMY EDITIONS ،
_c1993
300 _a300 P
650 0 4 _aARCHITECTURE
650 0 4 _aMODERN ARCHITECTURE
650 0 4 _aJAPAN - ARCHITECTURE
942 _2ddc
_cBK
999 _c11047
_d11047